00385nam a2200121Ia 4500008004100000020001800041084002300059100002100082245004500103260003800148300002100186650005600207220326s9999||||xx |||||||||||||| ||und|| a979-692-315-7 a10055 MOO Gov Bo.1 aH. Frazier Moore 0aHUMAS, Membangun Citra Dengan Komunikasi aBandungbRemaja Rosda Karyac2004 axi + 673 halaman aGovernment (Pemerintahan)eG-O-VyHumas, Komunikasi